<The> Theory of autopoiesis as an approach to a better understanding of postmodern law from the hierarchy of norms to the heterarchy of changing patterns of legal inter-relationships
Gespeichert in:
| 1. Verfasser: | |
|---|---|
| Format: | Buch |
| Sprache: | Englisch |
| Veröffentlicht: |
San Domenico (FI)
European University Institute
1999
|
| Schriftenreihe: | EUI Working paper LAW
No. 99/3 |
| Schlagworte: | |
| Tags: |
Keine Tags, Fügen Sie das erste Tag hinzu!
|
MARC
| LEADER | 00000nam a2200000 4500 | ||
|---|---|---|---|
| 001 | c132546 | ||
| 005 | 20221108123404.6 | ||
| 041 | 0 | |a eng | |
| 044 | |a IT | ||
| 245 | 1 | 0 | |a <The> Theory of autopoiesis as an approach to a better understanding of postmodern law |b from the hierarchy of norms to the heterarchy of changing patterns of legal inter-relationships |c Karl-Heinz Ladeur |
| 264 | 1 | |a San Domenico (FI) |b European University Institute |c 1999 | |
| 300 | |a 42 s. | ||
| 490 | 1 | |a EUI Working paper LAW |v No. 99/3 | |
| 830 | 0 | |a EUI Working paper LAW |v No. 99/3 | |
| 610 | 2 | 0 | |a systémy politické |
| 610 | 2 | 0 | |a systémy právne |
| 610 | 2 | 0 | |a pluralizmus |
| 610 | 2 | 0 | |a zákony |
| 610 | 2 | 0 | |a legislatíva |
| 100 | 1 | |a Ladeur, Karl-Heinz | |